Social work and folk culture / (Record no. 17899)

MARC details
000 -LEADER
fixed length control field 007340000a22002290004500
003 - CONTROL NUMBER IDENTIFIER
control field dpl
005 - DATE AND TIME OF LATEST TRANSACTION
control field 20081029125257.0
008 - FIXED-LENGTH DATA ELEMENTS--GENERAL INFORMATION
fixed length control field 081029t xxu||||| |||| 00| 0 eng d
010 ## - LIBRARY OF CONGRESS CONTROL NUMBER
LC control number ENG-84595
020 ## - INTERNATIONAL STANDARD BOOK NUMBER
International Standard Book Number 8189557386
020 ## - INTERNATIONAL STANDARD BOOK NUMBER
Terms of availability 550.00 (hb)
035 ## - SYSTEM CONTROL NUMBER
System control number EN-68128
040 ## - CATALOGING SOURCE
Transcribing agency dpl
082 ## - DEWEY DECIMAL CLASSIFICATION NUMBER
Classification number 398.042
100 ## - MAIN ENTRY--PERSONAL NAME
Personal name Katare, Prakash M
245 ## - TITLE STATEMENT
Title Social work and folk culture /
Statement of responsibility, etc by Prakash M Katare
260 ## - PUBLICATION, DISTRIBUTION, ETC. (IMPRINT)
Place of publication, distribution, etc New Delhi
Name of publisher, distributor, etc Arise Publishers and Distributors
260 ## - PUBLICATION, DISTRIBUTION, ETC. (IMPRINT)
Date of publication, distribution, etc 2006
300 ## - PHYSICAL DESCRIPTION
Extent 216p
Dimensions 22cm
942 ## - ADDED ENTRY ELEMENTS (KOHA)
Source of classification or shelving scheme Dewey Decimal Classification
Koha item type English Books
Classification part 398.042
Call number suffix KAT
Holdings
Withdrawn status Lost status Source of classification or shelving scheme Damaged status Not for loan Home library Current library Date acquired Cost, normal purchase price Total Checkouts Full call number Barcode Date last seen Copy number Cost, replacement price Price effective from Koha item type
    Dewey Decimal Classification   Not For Loan D.B.Act.Division D.B.Act.Division 09/03/2007 550.00   398.042 KAT EN-68128 04/11/2008 1 550.00 04/11/2008 English Books

© Delhi Public Library
Hit Counter
free hit counter